000 00854nac a22002777a 4500
001 BR0103451
003 BR-BrBNA
005 20240105122556.0
008 230509b bl.|||m| |||| 00| 0 por d
040 _aBR-BrBNA
_bpor
_cBiblioteca Nacional de Agricultura
072 _aE70
090 _aE70 BR0103451
100 1 _aMoraes, A.S.
110 1 _aEMBRAPA Pantanal, Corumba, MS (Brasil)
_93692
245 1 _aCaptura e comercializacao de iscas vivas em Corumba, MS
260 3 _aCorumba, MS (Brasil):
_c2001.
300 _a37 p.
490 _aBoletim de Pesquisa - EMBRAPA Pantanal (Brazil)
_vno. 21
_xISSN 1517-1981
500 _aSummaries (En, Pt); 12 tables
650 _aIsca
650 _aCaptura
650 _aComercializacao
650 _aMato Grosso do Sul
909 _a202312
_bLúcia Elande
_c55
_dLúcia Elande
942 _2AGRIS
_n0
_cMS
999 _c291738
_d291738